000 002550000a22000970004500
100 1 _aMorillo, Grace
245 1 0 _aThe transformations video
300 _aVol.86, núm.1 (March-june, 2006), Páginas 12-13
773 0 _tLatin America Evangelist
942 _cANA
999 _c61353
_d61353